| 000 | 00619nam a22001697a 4500 | ||
|---|---|---|---|
| 005 | 20231030134742.0 | ||
| 008 | 231030b |||||||| |||| 00| 0 eng d | ||
| 041 | _aEnglish | ||
| 082 | _a347.1 RAN | ||
| 100 |
_aRandell, GH, Bax KC and Van Niekerk JP _lEnglish |
||
| 245 |
_aThe South African Attorneys Handbook : _bBeing Statutes and Decided Cases Relating to their Profession / _cGH Randell, KC Bax and JP Van Niekerk |
||
| 250 | _aSecond Edition | ||
| 260 |
_aDurban : _bButterworths, _c1968 |
||
| 300 |
_bxxi, 287 pages ; _c25 cm. |
||
| 650 |
_alegal practice _bLaw |
||
| 942 |
_cBK _6ALISON_BN_VRIES |
||
| 999 |
_c151 _d151 |
||